000 00848nam a22002897a 4500
003 BUBTL
008 131202b xxu||||| |||| 00| 0 eng d
024 _cavailable
037 _cavailable
040 _aMBSTU Library
_dMBSTU Library
041 _aEnglish
082 _222
_a340.5/ F5531s/ 1985
100 _aFitzgerald, P. J.
_95682
245 _aSalmond on Jurisprudence
_bP. J. Fitzgerald
250 _a12 th
260 _aBangladesh
_bSweet and Maxwell
_cc1985
270 _aDhaka
_bDhaka
_dBangladesh
300 _a[xxi] , 131p . :
_bill . ; 22cm.
_f3
_g22 cm
365 _bnone
500 _aIncludes Index
600 _2Philosophy and Theroy of Law
650 _aLaw
_94145
700 _aFitzgerald,P J
_94144
856 _k0
_l0
_yDownload
942 _2ddc
_cBK
999 _c924
_d924